000
00312nam a2200109Ia 4500
008
220204s9999 xx 000 0 und d
082
_a
658.562
_b
ISO
245
0
_a
ISO 9000 quality management systems: Guidelines for enterprises in developing countries
250
_a
2
260
_a
Geneva
_b
ITC
_c
1996
942
_c
BK
999
_c
43877
_d
43877